| 000 | 00535nam a22001817a 4500 | ||
|---|---|---|---|
| 003 | CEME | ||
| 005 | 20210628203217.0 | ||
| 008 | 210301b xxu||||| |||| 00| 0 eng d | ||
| 020 | _a0-07-067491-4 | ||
| 040 | _c. | ||
| 082 | _a519.202462 VIN | ||
| 100 |
_aViniotis, Yannis _964006 |
||
| 245 | _aProbability and random processes for electrical engineers | ||
| 260 |
_aBOSTON _bMCGRAW HILL _c1997 |
||
| 300 | _aXVIII,676P | ||
| 650 |
_aPROBABILITIES, STOCHASTIC PROCESSES, ELECTRIC ENGINEERING MATHEMATICS _964007 |
||
| 942 |
_cBK _2ddc |
||
| 999 |
_c572661 _d572661 |
||